[Event "Verbandsliga N9495 Baden"]
[Site "Germany"]
[Date "1995.??.??"]
[Round "?"]
[White "Bloessl, Walter"]
[Black "Hasecic, Sabahudin"]
[Result "0-1"]
[WhiteElo "2220"]
[BlackElo "2310"]

1.e4 e5 2.Nf3 Nc6 3.Bb5 a6 4.Ba4 Nf6 5.O-O Be7 6.Re1 b5 7.Bb3 d6 8.c3 O-O
9.h3 Bb7 10.d4 Re8 11.Nbd2 Bf8 12.d5 Na5 13.Bc2 c6 14.b4 Nc4 15.Nxc4 bxc4
16.dxc6 Bxc6 17.Bg5 h6 18.Bh4 Be7 19.a4 Nh5 20.Bxe7 Qxe7 21.Nd2 Qg5 22.Nxc4 Bd7
23.Re3 Rad8 24.Nb6 Be6 25.Qf1 a5 26.Rd1 Nf4 27.Kh1 Qe7 28.b5 Qc7 29.Nd5 Bxd5
30.exd5 Rf8 31.g3 Nh5 32.Qe2 Nf6 33.Rf3 Nd7 34.Qe4 g6 35.Qg4 Kg7 36.h4 Nf6
37.Qh3 Qc5 38.Bb3 h5 39.Qf1 Rfe8 40.Qe1 e4 41.Rf4 Ng4 42.c4 e3 43.Qc3+ Kg8
44.fxe3 Rxe3 45.Qxa5 Rde8 46.Rdf1 Rxg3 47.Bd1 Rh3+ 48.Kg2 Rh2+ 49.Kg3 Qa3+
50.Bf3 Qb2 51.Rxg4 hxg4  0-1

[Event "Groningen"]
[Site "Groningen"]
[Date "1995.??.??"]
[Round "5"]
[White "Lautier, Joel"]
[Black "Almasi, Zoltan"]
[Result "1/2-1/2"]
[WhiteElo "2645"]
[BlackElo "2630"]

1.e4 e5 2.Nf3 Nc6 3.Bb5 a6 4.Ba4 Nf6 5.O-O Be7 6.Re1 b5 7.Bb3 d6 8.c3 O-O
9.h3 Bb7 10.d4 Re8 11.Ng5 Rf8 12.Nf3 Re8 13.Nbd2 Bf8 14.a3 h6 15.Bc2 Nb8
16.b4 Nbd7 17.Bb2 g6 18.Rc1 Rc8 19.Bb1 Ba8 20.a4 Rb8 21.axb5 axb5 22.Qc2 Nh5
23.Ba2 Nf4 24.c4 bxc4 25.Nxc4 exd4 26.Qd2 Ne6 27.Nxd4 Ng5 28.Na5 Ne5 29.Nac6 Bxc6
30.Rxc6 Qd7 31.Qc3 Bg7 32.Rxc7 Qa4 33.Bd5 Qxb4 34.Qxb4 Rxb4 35.Bc3 Rbb8 36.f4 Rec8
37.Rxc8+ Rxc8 38.Ba1 Nd3 39.Rf1 Nxf4 40.Rxf4 Rc1+ 41.Rf1 Rxa1 42.Nc6 Kf8
43.Rxa1 Bxa1 44.Kf2 Ke8 45.Ke3 Ne6 46.Bc4 Bc3 47.Bb5 Kf8 48.Bc4 Bb2 49.Ke2 Kg7
50.Ne7 Kf6 51.Ng8+ Kg7 52.Ne7 h5 53.Nd5 Kh6 54.Kf3 Ng7 55.Ke3 Bc1+ 56.Kd3 Ne6
57.Ke2 Kg5 58.Ne7 Ba3 59.Kf3 Kf6 60.Nc6 Ng5+ 61.Ke3 Bc5+ 62.Kd3 Ne6 63.Ke2 Kg5
64.Ne7 Kf4 65.Bd5 Kg3 66.Kf1 Ng5 67.Nc6 Kf4 68.Ke2 h4 69.Kd3 Bb6 70.Ke2 Ne6
71.Ne7 Ng5 72.Nc6 Nxe4 73.Bxf7 g5 74.Ne7 Kg3 75.Nf5+ Kxg2 76.Bd5 Kxh3 77.Bxe4 Bc5
78.Kf3 g4+ 79.Kf4 g3 80.Kg5 Bb6 81.Kh5 Bd8 82.Ne3 Kh2 83.Kg4 Kg1 84.Nf5 Kf2
85.Kh3  1/2-1/2

[Event "Wch U16"]
[Site "Guarapuava"]
[Date "1995.??.??"]
[Round "2"]
[White "Fucek, Claudio"]
[Black "Dervishi, Erald"]
[Result "0-1"]
[WhiteElo "2240"]
[BlackElo "2310"]

1.e4 e5 2.Nf3 Nc6 3.Bb5 a6 4.Ba4 Nf6 5.O-O Be7 6.Re1 b5 7.Bb3 d6 8.c3 O-O
9.h3 Bb7 10.d4 Re8 11.Nbd2 Bf8 12.a3 g6 13.Bc2 Bg7 14.d5 Nb8 15.c4 Nbd7 16.Nb3 Nb8
17.Na5 Bc8 18.b4 Bf8 19.cxb5 axb5 20.a4 bxa4 21.Bxa4 Bd7 22.Bg5 Bxa4 23.Rxa4 Nbd7
24.Qc2 Qb8 25.Rea1 Qb5 26.Nc6 Rxa4 27.Rxa4 h6 28.Ra5 Qb7 29.Ra7 Qc8 30.Be3 Nb6
31.Na5 Na8 32.Nd2 Qd7 33.Qc6 Qxc6 34.Nxc6 Nd7 35.Nc4 f5 36.f3 Nf6 37.Nd2 g5
38.g4 fxg4 39.hxg4 Kf7 40.Kf2 Kg6 41.Nc4 h5 42.gxh5+ Kxh5 43.Na3 g4 44.Nb5 Bh6
45.Bxh6 Kxh6 46.Nxc7 Nxc7 47.Rxc7 Rf8 48.Ra7 Nxe4+ 49.Ke3 gxf3  0-1

[Event "Wch U18 Girls"]
[Site "Guarapuava"]
[Date "1995.??.??"]
[Round "9"]
[White "Peptan, Corina"]
[Black "Li Ruofan"]
[Result "1-0"]
[WhiteElo "2340"]
[BlackElo "2210"]

1.e4 e5 2.Nf3 Nc6 3.Bb5 a6 4.Ba4 Nf6 5.O-O Be7 6.Re1 b5 7.Bb3 d6 8.c3 O-O
9.h3 Bb7 10.d4 Re8 11.Nbd2 Bf8 12.a4 Nb8 13.dxe5 dxe5 14.axb5 axb5 15.Rxa8 Bxa8
16.Bxf7+ Kxf7 17.Qb3+ Nd5 18.exd5 Qxd5 19.Nxe5+ Kg8 20.Qxd5+ Bxd5 21.Ndf3 Nc6
22.Nxc6 Bxc6 23.Bf4 Rc8 24.Ne5 Bd5 25.Rd1 Bb3 26.Ra1 Bd6 27.Nc6 Bd5 28.Na7 Ra8
29.Bxd6 cxd6 30.b4 Kf7 31.Ra5 Bc4 32.Nc6 Re8 33.Nd4 Re1+ 34.Kh2 Rc1 35.Nf5 d5
36.Ra7+ Kf6 37.Ng3 Rxc3 38.Nh5+ Kg6 39.g4 d4 40.f4 d3 41.h4 Rc2+ 42.Kg3 Be6
43.f5+ Bxf5 44.Ra6+ Kf7 45.gxf5 d2 46.Ra7+ Kf8 47.Rd7 Rb2 48.Nf4 Ke8 49.Rd5 Ke7
50.Kg4 h6 51.Ng6+ Kf6 52.Rd6+ Kf7 53.Kh5 Rxb4 54.Ne5+ Ke7 55.Rxd2 Kf6 56.Rd5 Rf4
57.Ng4+  1-0

[Event "Hafnarfjordur op"]
[Site "Hafnarfjordur"]
[Date "1995.??.??"]
[Round "1"]
[White "Blees, Albert"]
[Black "Edvardsson, Kristjan"]
[Result "1-0"]
[WhiteElo "2410"]
[BlackElo "2115"]

1.e4 e5 2.Nf3 Nc6 3.Bb5 a6 4.Ba4 Nf6 5.O-O Be7 6.Re1 b5 7.Bb3 d6 8.c3 O-O
9.h3 Bb7 10.d4 Re8 11.Nbd2 Bf8 12.a4 h6 13.Bc2 exd4 14.cxd4 Nb4 15.Bb1 g6
16.Ra3 Bg7 17.e5 dxe5 18.dxe5 Nh5 19.Qb3 c5 20.axb5 axb5 21.Ne4 Bxe5 22.Bxh6 Bd5
23.Qe3 Bxb2 24.Rxa8 Bxa8 25.Qxc5 Nd3 26.Bxd3 Qxd3 27.Nf6+ Nxf6 28.Rxe8+ Kh7
29.Ng5+ Kxh6 30.Rh8+  1-0

[Event "Hania op"]
[Site "Hania"]
[Date "1995.??.??"]
[Round "7"]
[White "Tzoumbas, Anastasios"]
[Black "Cela, Altin"]
[Result "1/2-1/2"]
[WhiteElo "2360"]
[BlackElo "2380"]

1.e4 e5 2.Nf3 Nc6 3.Bb5 a6 4.Ba4 Nf6 5.O-O Be7 6.Re1 b5 7.Bb3 d6 8.c3 O-O
9.h3 Bb7 10.d4 Re8 11.Nbd2 Bf8 12.d5 Nb8 13.Nf1 Nbd7 14.Ng3 g6 15.Bg5 Nc5
16.Bc2 h6 17.Be3 a5 18.Bxc5 dxc5 19.a4 b4 20.Qe2 c6 21.c4 Qc7 22.Bd3 Ba6
23.b3 Rad8 24.Rad1 Bc8 25.Bb1  1/2-1/2

[Event "EU-ch U20"]
[Site "Holon"]
[Date "1995.??.??"]
[Round "4"]
[White "Rowson, Jonathan"]
[Black "Allahverdiev, Anar"]
[Result "1/2-1/2"]
[WhiteElo "2400"]
[BlackElo "2290"]

1.e4 e5 2.Nf3 Nc6 3.Bb5 a6 4.Ba4 Nf6 5.O-O Be7 6.Re1 b5 7.Bb3 O-O 8.c3 d6
9.h3 Bb7 10.d4 Re8 11.a4 Bf8 12.Bg5 h6 13.Bxf6 Qxf6 14.Bd5 Rab8 15.Na3 Ne7
16.Bxb7 Rxb7 17.axb5 axb5 18.Nc2 exd4 19.cxd4 Ng6 20.Nb4 c5 21.Nd5 Qd8 22.Qb3 Kh7
23.Ra6 Qd7 24.Qd3 Kg8 25.Rea1 Ne7 26.Nf4 Qc7 27.e5 dxe5 28.dxe5 Nc6 29.Nd5 Qd7
30.Qe4 f5 31.Qd3 Nxe5 32.Nxe5 Rxe5 33.Rd1 Qf7 34.Nf4 Re4 35.Qf3 Rd7 36.Ng6 Rxd1+
37.Qxd1 Rd4 38.Qf3 Bd6 39.Rxd6 Rxd6 40.Qa8+ Kh7  1/2-1/2

[Event "HUN-chT1 9596"]
[Site "HUN"]
[Date "1995.??.??"]
[Round "4"]
[White "Besztercsenyi, Tibor"]
[Black "Petran, Pal"]
[Result "0-1"]
[WhiteElo "2275"]
[BlackElo "2470"]

1.e4 e5 2.Nf3 Nc6 3.Bb5 a6 4.Ba4 Nf6 5.O-O Be7 6.Re1 b5 7.Bb3 d6 8.c3 O-O
9.h3 Bb7 10.d4 Re8 11.a4 h6 12.Qd3 Bf8 13.Nbd2 exd4 14.cxd4 Nb4 15.Qb1 c5
16.e5 dxe5 17.dxe5 Nfd5 18.Bxd5 Qxd5 19.Ne4 Qd3 20.Re3 Qxb1 21.Rxb1 bxa4
22.Nc3 Bc6 23.Ne1 c4 24.Rg3 Kh7 25.f4 g6 26.Nf3 Bc5+ 27.Kf1 Nd3 28.Bd2 Bf2  0-1

[Event "Ikaros op"]
[Site "Ikarios"]
[Date "1995.??.??"]
[Round "6"]
[White "Arakhamia, Ketevan"]
[Black "Cela, Altin"]
[Result "1/2-1/2"]
[WhiteElo "2420"]
[BlackElo "2380"]

1.e4 e5 2.Nf3 Nc6 3.Bb5 a6 4.Ba4 Nf6 5.O-O Be7 6.Re1 b5 7.Bb3 d6 8.c3 O-O
9.h3 Bb7 10.d4 Re8 11.Ng5 Rf8 12.Nf3 Re8 13.Nbd2 Bf8 14.d5 Nb8 15.Nf1 Nbd7
16.Ng3 g6 17.Nh2 Nc5 18.Bc2 c6 19.Bg5 h6 20.Bxf6 Qxf6 21.Ng4 Qg5 22.Ne3 a5
23.a4 b4 24.Ngf1 Rac8 25.Nc4 bxc3 26.Nxa5 cxb2 27.Rb1 cxd5 28.Nxb7 Nxb7 29.Rxb2 Nc5
30.Qxd5 Ne6 31.Qd1 Nf4 32.Qg4 Qd8 33.Ne3 h5 34.Qf3 Rc3 35.Reb1 Bh6 36.Rb3 Qc8
37.Rxc3 Qxc3 38.Rb7 Rc8 39.Kh2 Qc6 40.Rb2 Qc3 41.Rb7 Qc6 42.Rb2 Qc3  1/2-1/2

[Event "Ilioupolis"]
[Site "Ilioupolis"]
[Date "1995.??.??"]
[Round "7"]
[White "Pavlovic, Milos"]
[Black "Cela, Altin"]
[Result "0-1"]
[WhiteElo "2505"]
[BlackElo "2405"]

1.e4 e5 2.Nf3 Nc6 3.Bb5 a6 4.Ba4 Nf6 5.O-O Be7 6.Re1 b5 7.Bb3 d6 8.c3 O-O
9.h3 Bb7 10.d4 Re8 11.Nbd2 Bf8 12.a4 h6 13.Bc2 exd4 14.cxd4 Nb4 15.Bb1 c5
16.d5 Nd7 17.Ra3 c4 18.Nd4 Qf6 19.N2f3 Nc5 20.axb5 axb5 21.Nxb5 Rxa3 22.Nxa3 Ba6
23.Re3 Rb8 24.Rc3 Nbd3 25.Nxc4 Qxc3 26.bxc3 Rxb1 27.Kh2 Rxc1 28.Qd2 Bxc4  0-1

[Event "Fide Mercenarios 4th"]
[Site "MEX"]
[Date "1995.??.??"]
[Round "2"]
[White "Norgaard, Jesper"]
[Black "Garcia, J."]
[Result "1-0"]
[WhiteElo "2315"]
[BlackElo "2225"]

1.e4 e5 2.Nf3 Nc6 3.Bb5 a6 4.Ba4 Nf6 5.O-O Be7 6.Re1 b5 7.Bb3 O-O 8.c3 d6
9.h3 Bb7 10.d4 Re8 11.Nbd2 Bf8 12.a3 Qd7 13.Bc2 Rad8 14.d5 Ne7 15.b3 c6 16.c4 Ng6
17.Nf1 Nh5 18.Be3 Ngf4 19.Kh2 c5 20.Ng1 g6 21.g3 Bg7 22.Ra2 Bc8 23.gxf4 exf4
24.Bd2 Re5 25.Qf3 Rg5 26.Bc3 Nf6 27.Bd1 Qe7 28.Bxf6 Bxf6 29.Qd3 Be5 30.Bf3 Qd7
31.Nd2 h5 32.Qf1 Kg7 33.Ne2 Rg4 34.hxg4 hxg4 35.Qg2 Rh8+ 36.Kg1 Rh4 37.Kf1 bxc4
38.bxc4 Qa4 39.Ng1 gxf3 40.Ndxf3 Qxc4+ 41.Rae2 Rg4 42.Nxe5 dxe5 43.Qf3 Bd7
44.Rd1 Qa4 45.Rb1 Rg5 46.Qc3 Bb5 47.Rxb5 axb5 48.Nf3 b4 49.Qc2 b3 50.Qc3 b2
51.Rxb2 Qd1+ 52.Ne1 Rh5 53.Qf3 Qc1 54.Rc2 Qb1 55.Rxc5 Qb6 56.Rc3 f5 57.Rd3 Qd6
58.exf5 Rxf5 59.Qe4 Rf8 60.Nf3 Re8 61.Ng5 Rb8 62.Rc3 Rb5 63.Rc6  1-0

[Event "Mitropa Cup"]
[Site "?"]
[Date "1995.??.??"]
[Round "1"]
[White "Mrva, Martin"]
[Black "Stajcic, Nikola"]
[Result "1/2-1/2"]
[WhiteElo "2400"]
[BlackElo "2350"]

1.e4 e5 2.Nf3 Nc6 3.Bb5 a6 4.Ba4 Nf6 5.O-O Be7 6.Re1 b5 7.Bb3 d6 8.c3 O-O
9.h3 Bb7 10.d4 Re8 11.Nbd2 Bf8 12.a4 h6 13.Bc2 exd4 14.cxd4 Nb4 15.Bb1 c5
16.d5 Nd7 17.Ra3 f5 18.exf5 Bxd5 19.Rae3 Rxe3 20.Rxe3 Nf6 21.g4 Qd7 22.g5 hxg5
23.Nxg5 Re8 24.axb5 axb5 25.Nf1 Bf7 26.Rg3 d5 27.Bd2 Nc6 28.Ne3 Ne5 29.Ng4 Nexg4
30.hxg4 d4 31.Qf1 Bd6 32.Rh3 Bc4 33.Qg2 Bd5 34.f3 Kf8 35.Nh7+ Nxh7 36.Rxh7 Bg8
37.Rh8 Be5 38.Qh3 d3 39.Ba2 c4 40.Bb4+ Bd6 41.Qh7 Ke7 42.Qh4+ Kf8 43.Qh7 Ke7  1/2-1/2

[Event "Nikolaev zt"]
[Site "Nikolaev"]
[Date "1995.??.??"]
[Round "8"]
[White "Frolov, Artur"]
[Black "Zulfugarli, Magomed"]
[Result "1-0"]
[WhiteElo "2545"]
[BlackElo "2400"]

1.e4 e5 2.Nf3 Nc6 3.Bb5 a6 4.Ba4 Nf6 5.O-O Be7 6.Re1 b5 7.Bb3 d6 8.c3 O-O
9.h3 Bb7 10.d4 Re8 11.Nbd2 Bf8 12.a4 h6 13.Bc2 exd4 14.cxd4 Nb4 15.Bb1 g6
16.d5 c6 17.Qb3 a5 18.dxc6 bxa4 19.Qxa4 Bxc6 20.Qd1 Bg7 21.Ra3 Ra7 22.Nd4 Ba8
23.Nc2 Rae7 24.Nxb4 axb4 25.Rae3 Qc8 26.b3 d5 27.e5 Nd7 28.f4 Nc5 29.Bb2 Ne6
30.f5 d4 31.Rg3 Nf4 32.fxg6 f6 33.Bxd4 fxe5 34.Be3 Rd8 35.Qc2 Rc7 36.Nc4 Qb7
37.Bb6 Rd3 38.Rxd3 Nxd3 39.Rd1 Rxc4 40.Qxc4+ Kh8 41.Qg4 Qxb6+ 42.Kh2 Qc7
43.Rxd3 e4+ 44.Rg3 Bd5 45.Bxe4 Bxe4 46.Qxe4 Be5 47.Qf3 Kg7 48.h4 Bf4 49.h5 Bxg3+
50.Qxg3 Qc5 51.Qf3 Qe5+ 52.g3  1-0

[Event "JUG-ch"]
[Site "Novi Sad"]
[Date "1995.??.??"]
[Round "?"]
[White "Popovic, Petar"]
[Black "Gligoric, Svetozar"]
[Result "1-0"]
[WhiteElo "2545"]
[BlackElo "2455"]

1.e4 e5 2.Nf3 Nc6 3.Bb5 a6 4.Ba4 Nf6 5.O-O Be7 6.Re1 b5 7.Bb3 d6 8.c3 O-O
9.h3 Bb7 10.d4 Re8 11.Nbd2 Bf8 12.d5 Nb8 13.Nf1 Nbd7 14.Ng3 Nc5 15.Bc2 c6
16.b4 Ncd7 17.dxc6 Bxc6 18.Bb3 h6 19.Nh2 Nb6 20.Ng4 Nc4 21.a4 Nxg4 22.Qxg4 Bd7
23.Nf5 Kh7 24.axb5 axb5 25.Rxa8 Qxa8 26.Qf3 Be6 27.Ne3 Nd2 28.Bxd2 Bxb3 29.Nd5 Bxd5
30.exd5 Kg8 31.Qd3 Qa6 32.f4 Rd8 33.fxe5 dxe5 34.Rxe5 Bd6 35.Re4 Rc8 36.Qe2 Kf8
37.Be1 Qb7 38.Qd3 Ra8 39.Re2 Kg8 40.Bf2 Ra1+ 41.Re1 Qa6 42.Kf1 Be5 43.Rxa1 Qxa1+
44.Be1 Qa6 45.g3 f6 46.Kg2 Kf7 47.Bf2 h5 48.Qf5 Ke7 49.Qg6 Bxc3 50.Qxg7+ Kd8
51.Qf8+ Kd7 52.Qg7+ Kd8 53.Qf8+ Kd7 54.Qf7+ Kd8 55.Bc5 Be5 56.d6 Qc6+ 57.Kg1 Qd7
58.Qg8+ Qe8 59.Qg7 Qe6 60.Qf8+ Kd7 61.Qg7+ Kd8 62.Qc7+ Ke8 63.Qb8+ Kf7 64.Qb7+ Kg6
65.Qe4+ Kg7 66.Qb7+ Kg6 67.d7 Bc7 68.Qxb5 Qd5 69.Qe2 Qxd7 70.Bf2 Be5 71.Qc4 Kg7
72.h4 Qb7 73.b5 Qf3 74.Qc6 Qxc6 75.bxc6 Kf7 76.Kg2 Ke6 77.g4 hxg4 78.Bg3 Bb2
79.Bf4 f5 80.h5 Bg7 81.Kf2 Bd4+ 82.Ke2 Bb6 83.c7 Kd7 84.h6  1-0

[Event "Paris op"]
[Site "Paris"]
[Date "1995.??.??"]
[Round "?"]
[White "Renet, Olivier"]
[Black "Guyard, Bertrand"]
[Result "1-0"]
[WhiteElo "2530"]
[BlackElo "2205"]

1.e4 e5 2.Nf3 Nc6 3.Bb5 a6 4.Ba4 Nf6 5.O-O Be7 6.Re1 b5 7.Bb3 d6 8.c3 O-O
9.h3 Bb7 10.d4 Re8 11.Ng5 Rf8 12.Nf3 Re8 13.Nbd2 Bf8 14.d5 Nb8 15.Nf1 Nbd7
16.Ng3 g6 17.Bg5 h6 18.Be3 Nc5 19.Bc2 c6 20.b4 Na4 21.Bxa4 bxa4 22.c4 cxd5
23.exd5 Rc8 24.Nd2 Qd7 25.Nge4 Nxe4 26.Nxe4 Bg7 27.c5 dxc5 28.bxc5 Qxd5 29.Qxd5 Bxd5
30.Nd6 e4 31.Nxe8 Rxe8 32.Red1 Bxa1 33.Rxd5 Kg7 34.Rd6 a5 35.g4 Rc8 36.Kg2 Be5
37.Ra6 Bc3 38.h4 g5 39.h5 Rc7 40.Kf1 f6 41.Ke2 Kf7 42.f3 exf3+ 43.Kxf3 Re7
44.Bf2 a3 45.c6 Rc7 46.Ra7 Be5 47.Ke4 Ke6 48.Rxc7 Bxc7 49.Bc5  1-0

[Event "World op"]
[Site "Philadelphia"]
[Date "1995.??.??"]
[Round "9"]
[White "Teodoro, Eduardo"]
[Black "Shapiro, Daniel E"]
[Result "1-0"]
[WhiteElo "2220"]
[BlackElo "2265"]

1.e4 e5 2.Nf3 Nc6 3.Bb5 a6 4.Ba4 Nf6 5.O-O Be7 6.Re1 b5 7.Bb3 d6 8.c3 O-O
9.h3 Bb7 10.d4 Re8 11.Nbd2 Bf8 12.d5 Nb8 13.Nf1 Nbd7 14.Ng3 g6 15.Be3 Nc5
16.Bc2 c6 17.b4 Ncd7 18.dxc6 Bxc6 19.Bb3 Nb6 20.Ng5 Ra7 21.Qf3 Bg7 22.Rad1 Rd7
23.Rxd6 Rxd6 24.Nxf7 Nc4 25.Nxd8 Rexd8 26.Bc5 Rd3 27.Re3 Rd2 28.Be7 R8d7
29.Bxf6 Rf7 30.Rd3 Rxd3 31.Qxd3 Bxf6 32.Bxc4 bxc4 33.Qxc4 Bb5 34.Qe6 Kg7
35.c4 Re7 36.Qc8 Re8 37.Qc5  1-0

[Event "Portoroz op"]
[Site "Portoroz"]
[Date "1995.??.??"]
[Round "?"]
[White "Podkriznik, Gregor"]
[Black "Vasic, P."]
[Result "1-0"]
[WhiteElo "2240"]
[BlackElo "2135"]

1.e4 e5 2.Nf3 Nc6 3.Bb5 a6 4.Ba4 Nf6 5.O-O Be7 6.Re1 b5 7.Bb3 d6 8.c3 O-O
9.h3 Bb7 10.d4 Nb8 11.Nbd2 Nbd7 12.Bc2 Re8 13.Nf1 Bf8 14.Ng3 g6 15.a4 exd4
16.cxd4 c5 17.Bg5 h6 18.Bf4 Bc6 19.h4 bxa4 20.h5 Ng4 21.hxg6 fxg6 22.e5 dxe5
23.dxe5 Re6 24.Ng5 Qe7 25.Qxg4 hxg5 26.Bxg5 Qf7 27.Bf4 Bg7 28.Ne4 Nxe5 29.Bxe5 Rxe5
30.Nd6 Qd5 31.Rxe5 Qxe5 32.Qxg6 Qf6 33.Qh7+ Kf8 34.Nc4 Rd8 35.Be4 Bd5 36.Bxd5 Rxd5
37.Re1 Qd8 38.Re3 Rd1+ 39.Kh2 Qc7+ 40.g3 Rd7 41.Qg6 Rf7 42.Nd6 Qd7 43.Qxf7+ Qxf7
44.Nxf7 Kxf7 45.Re2 c4 46.Rc2 a3 47.bxa3 c3 48.Re2 Bf8 49.a4 Ba3 50.Kg1 Bc1
51.Rc2 Bb2 52.Kf1 Ke6 53.Ke2 Kd5 54.Kd3  1-0

[Event "CZE Tschechien-ch"]
[Site "Prague"]
[Date "1995.??.??"]
[Round "?"]
[White "Jirovsky, Petr"]
[Black "Pallova, Martina"]
[Result "1-0"]
[WhiteElo "2255"]
[BlackElo "2030"]

1.e4 e5 2.Nf3 Nc6 3.Bb5 a6 4.Ba4 Nf6 5.O-O b5 6.Bb3 Be7 7.Re1 d6 8.c3 O-O
9.h3 Bb7 10.d4 Re8 11.Nbd2 Bf8 12.a4 Qd7 13.d5 Na5 14.Bc2 c6 15.b4 Nc4 16.Nxc4 bxc4
17.Bg5 Be7 18.dxc6 Qxc6 19.a5 Qc7 20.Qe2 h6 21.Be3 Bf8 22.Bb6 Qc8 23.Rad1 d5
24.Nd2 d4 25.Nxc4 Bxe4 26.Bxe4 Nxe4 27.Qxe4 Qxc4 28.cxd4 Bxb4 29.dxe5 Qxe4
30.Rxe4 Bc3 31.f4 Rac8 32.Kf2 g5 33.g3 Kg7 34.Kf3 Bb2 35.Kg4 gxf4 36.gxf4 Rc2
37.Rd7 Re6 38.Bd8 h5+ 39.Kf5 Rc5 40.Re2 Rb5 41.Rg2+ Kf8 42.Bf6 Rb8 43.Rg7  1-0

[Event "Reykjavik Olafsson"]
[Site "Reykjavik"]
[Date "1995.??.??"]
[Round "6"]
[White "Stefansson, Hannes"]
[Black "Gligoric, Svetozar"]
[Result "1/2-1/2"]
[WhiteElo "2520"]
[BlackElo "2455"]

1.e4 e5 2.Nf3 Nc6 3.Bb5 a6 4.Ba4 Nf6 5.O-O Be7 6.Re1 b5 7.Bb3 d6 8.c3 O-O
9.h3 Bb7 10.d4 Re8 11.Nbd2 Bf8 12.a4 h6 13.Bc2 exd4 14.cxd4 Nb4 15.Bb1 c5
16.d5 Nd7 17.Ra3 c4 18.axb5 axb5 19.Nd4 Rxa3 20.bxa3 Nd3 21.Bxd3 cxd3 22.Bb2 Qa5
23.Nf5 g6 24.Ne3 Ne5 25.Ng4 Nxg4 26.hxg4 b4 27.Nb3 Qa4 28.Nd2 Qa5 29.a4 Ba6
30.Qa1 Qd8 31.Bf6 Qc8 32.Qb2 Qxg4 33.Qxb4 Qf4 34.Bb2 h5 35.Re3 Bh6 36.Qb6 Qh4
37.g3 Bxe3 38.Qxe3 Qg4 39.Nf3 Qxe4 40.Qh6 Re5 41.Nxe5 dxe5 42.Ba3 Qf3 43.Bf8 Qf6
44.d6 d2 45.Qxd2 Kxf8 46.d7 Qd8 47.Qd6+  1/2-1/2

[Event "Reykjavik Olafsson"]
[Site "Reykjavik"]
[Date "1995.??.??"]
[Round "8"]
[White "Hjartarson, Johann"]
[Black "Gligoric, Svetozar"]
[Result "1-0"]
[WhiteElo "2570"]
[BlackElo "2455"]

1.e4 e5 2.Nf3 Nc6 3.Bb5 a6 4.Ba4 Nf6 5.O-O Be7 6.Re1 b5 7.Bb3 d6 8.c3 O-O
9.h3 Bb7 10.d4 Re8 11.Nbd2 Bf8 12.d5 Nb8 13.Nf1 Nbd7 14.Ng3 Nc5 15.Bc2 c6
16.b4 Ncd7 17.dxc6 Bxc6 18.Bb3 h6 19.Nh4 Nb6 20.Nhf5 Nc4 21.Nh5 Nxh5 22.Qxh5 Bd7
23.Bxc4 bxc4 24.Ne3 Be6 25.a4 g6 26.Qd1 f5 27.Nd5 f4 28.Qe2 Rc8 29.Rd1 Bg7
30.b5 axb5 31.axb5 Rc5 32.Rb1 Qa5 33.Rb4 Kf7 34.Bb2 Rb8 35.Ra1 Qd8 36.Ra7+ Kf8
37.Ba3 Kg8 38.Ne7+ Kh7 39.Nc6 Qb6 40.Ra6 Rxc6 41.Rxb6 Rcxb6 42.Rxc4 Bxc4
43.Qxc4 Rxb5 44.Bxd6 Rb1+ 45.Kh2 Ra8 46.Qf7 Raa1 47.g3 Rh1+ 48.Kg2 Rag1+
49.Kf3 Rxg3+ 50.fxg3  1-0

[Event "San Francisco"]
[Site "San Francisco"]
[Date "1995.??.??"]
[Round "11"]
[White "Huebner, Robert"]
[Black "Xie Jun"]
[Result "1-0"]
[WhiteElo "2620"]
[BlackElo "2515"]

1.e4 e5 2.Nf3 Nc6 3.Bb5 a6 4.Ba4 Nf6 5.O-O Be7 6.Re1 b5 7.Bb3 d6 8.c3 O-O
9.h3 Bb7 10.d4 Re8 11.Nbd2 Bf8 12.a3 h6 13.Bc2 Nb8 14.b3 Nbd7 15.Bb2 c5 16.d5 Qc7
17.Bd3 Nb6 18.Qe2 Bc8 19.Nh2 Bd7 20.c4 bxc4 21.Nxc4 Bb5 22.Nd2 Rab8 23.Rec1 Qd7
24.Rc2 Nh7 25.a4 Bxd3 26.Qxd3 Qb7 27.a5 Nc8 28.Nhf1 f5 29.exf5 Ne7 30.Ne3 Nf6
31.Ndc4 Nexd5 32.Nxd5 Nxd5 33.Qe4 Nf6 34.Qxb7 Rxb7 35.Rd1 Rxb3 36.Nxd6 Rd8
37.Bxe5 Ne4 38.Nxe4 Rxd1+ 39.Kh2 Rd5 40.f4 Rb4 41.Re2 Be7 42.Ng3 Bd8 43.Nh5 Rb7
44.g4 Bxa5 45.Bxg7 Rd2 46.Rxd2 Bxd2 47.Be5 Kf7 48.h4 Re7 49.g5 hxg5 50.hxg5 Ba5
51.g6+ Ke8 52.Nf6+ Kd8 53.Ne4  1-0

[Event "Siauliai"]
[Site "Siauliai"]
[Date "1995.??.??"]
[Round "1"]
[White "Pandars, Maris"]
[Black "Veja, Ginta"]
[Result "1/2-1/2"]
[WhiteElo "2000"]
[BlackElo "2070"]

1.e4 e5 2.Nf3 Nc6 3.Bb5 a6 4.Ba4 Nf6 5.O-O Be7 6.Re1 b5 7.Bb3 O-O 8.c3 d6
9.h3 Bb7 10.d3 Re8 11.Ng5 Rf8 12.Nf3 Re8 13.Ng5 Rf8 14.Nf3  1/2-1/2

[Event "CRO-ch"]
[Site "Slavonski Brod"]
[Date "1995.??.??"]
[Round "?"]
[White "Zelcic, Robert"]
[Black "Palac, Mladen"]
[Result "1/2-1/2"]
[WhiteElo "2500"]
[BlackElo "2545"]

1.e4 e5 2.Nf3 Nc6 3.Bb5 a6 4.Ba4 Nf6 5.O-O Be7 6.Re1 b5 7.Bb3 d6 8.c3 O-O
9.h3 Bb7 10.d4 Re8 11.Nbd2 Bf8 12.Bc2 Nb8 13.a4 Nbd7 14.Bd3 c6 15.b4 g6 16.Bb2 Bg7
17.Qc2 Nh5 18.Bf1 Rc8 19.Nb3  1/2-1/2

[Event "ESP-chTa"]
[Site "Spain"]
[Date "1995.??.??"]
[Round "2"]
[White "Sion Castro, Marcelino"]
[Black "Serra Olives, Tomas"]
[Result "1-0"]
[WhiteElo "2375"]
[BlackElo "2220"]

1.e4 e5 2.Nf3 Nc6 3.Bb5 a6 4.Ba4 Nf6 5.O-O Be7 6.Re1 b5 7.Bb3 d6 8.c3 O-O
9.h3 Bb7 10.d4 Re8 11.Nbd2 Bf8 12.a4 h6 13.Bc2 exd4 14.cxd4 Nb4 15.Bb1 c5
16.d5 Nd7 17.Ra3 f5 18.Nh2 bxa4 19.g4 f4 20.Ndf3 g5 21.Bd2 Bg7 22.Rxa4 a5
23.Bc3 Ba6 24.Ra3 Bb5 25.h4 Nb6 26.hxg5 hxg5 27.Nd2 Qd7 28.Kg2 c4 29.Ndf3 Qe7
30.Nd4 Bd7 31.Nf5 Bxf5 32.exf5 Qf8 33.Re6 Rxe6 34.dxe6 Bxc3 35.bxc3 Nd3 36.Bxd3 cxd3
37.Qxd3 a4 38.Qd4 d5 39.Ra1 Nc4 40.Nf3 Qg7 41.f6 Qg6 42.f7+  1-0

[Event "St Petersburg op"]
[Site "St Petersburg"]
[Date "1995.??.??"]
[Round "8"]
[White "Aseev, Konstantin N"]
[Black "Solozhenkin, Evgeniy"]
[Result "1-0"]
[WhiteElo "2530"]
[BlackElo "2490"]

1.e4 e5 2.Nf3 Nc6 3.Bb5 a6 4.Ba4 Nf6 5.O-O Be7 6.Re1 b5 7.Bb3 d6 8.c3 O-O
9.h3 Bb7 10.d4 Re8 11.a4 h6 12.Nbd2 Bf8 13.Bc2 exd4 14.cxd4 Nb4 15.Bb1 c5
16.d5 Nd7 17.Ra3 f5 18.Nh2 Kh8 19.g4 fxe4 20.Nxe4 Nf6 21.g5 Nxe4 22.Rxe4 Bxd5
23.Rxe8 Qxe8 24.gxh6 gxh6 25.Rg3 Qf7 26.Ng4 Qh5 27.Bd2 Bg7 28.Bc3 Ra7 29.Qd2 Qg5
30.Ne3 Qf4 31.Rg4 Qf3 32.Nxd5 Nxd5 33.Qxh6+  1-0

[Event "Szekszard op "]
[Site "Szekszard"]
[Date "1995.??.??"]
[Round "?"]
[White "Madl, Ildiko"]
[Black "Ibragimov, Ildar"]
[Result "0-1"]
[WhiteElo "2370"]
[BlackElo "2580"]

1.e4 e5 2.Nf3 Nc6 3.Bb5 a6 4.Ba4 Nf6 5.O-O Be7 6.Re1 b5 7.Bb3 d6 8.c3 O-O
9.h3 Bb7 10.d4 Re8 11.Ng5 Rf8 12.Nf3 Na5 13.Bc2 Nc4 14.b3 Nb6 15.Nbd2 Nfd7
16.Bb2 Bf6 17.d5 c6 18.dxc6 Bxc6 19.Nf1 Nc5 20.Ba3 Re8 21.Qe2 Ne6 22.Rad1 Nc8
23.Qd2 Ra7 24.Ne3 g6 25.Bb1 a5 26.Nd5 Bg7 27.Qc2 Rd7 28.Bb2 Nb6 29.c4 bxc4
30.Nxb6 Qxb6 31.Qxc4 Nf4 32.Qc1 Bh6 33.Qc2 Bb5 34.Ba3 Qa6 35.Kh2 Be2 36.Rc1 Bxf3
37.gxf3 Qa8 38.Qc6 Qd8 39.Qc4 d5 40.Qf1 d4 41.Rcd1 d3 42.Rd2 Qh4 43.Bxd3 Nxd3  0-1

[Event "Villalba op"]
[Site "Villalba"]
[Date "1995.??.??"]
[Round "6"]
[White "Garbisu, Unai"]
[Black "Sulipa, Aleksandar"]
[Result "1/2-1/2"]
[WhiteElo "2395"]
[BlackElo "2435"]

1.e4 e5 2.Nf3 Nc6 3.Bb5 a6 4.Ba4 Nf6 5.O-O Be7 6.Re1 b5 7.Bb3 d6 8.c3 O-O
9.h3 Bb7 10.d4 Re8 11.Ng5 Rf8 12.Nf3 h6 13.Nbd2 Re8 14.Bc2 Bf8 15.d5 Nb8
16.b3 c6 17.c4 Nbd7 18.a4 bxc4 19.bxc4 a5 20.Nb3 Qc7 21.Bd3 Be7 22.Bd2 Bd8
23.Nh2 Qb8 24.Rb1 Qa7 25.Ng4 Rb8 26.Qf3 Nxg4 27.Qxg4 Nf6 28.Qg3 Kh8 29.Kh2 Bb6
30.Rf1 cxd5 31.cxd5 Ba6 32.Qf3 Bxd3 33.Qxd3 Nd7 34.f4 exf4 35.Bxf4 Nc5 36.Nxc5 Bxc5
37.Bg3 f6 38.Rxb8 Rxb8 39.Rb1 Bb4 40.Rc1 Bc5 41.Be1 Rb2 42.Rb1 Qb7 43.Rxb2 Qxb2
44.Bc3 Qc1 45.Qd2 Qf1 46.Qe1 Qc4 47.Bxa5 Qxa4 48.Bd2 Qc4 49.Qb1 Qd4 50.Qe1 Qe5+
51.Kh1 Qd4 52.Bc3 Qd3 53.Bb4 Bxb4 54.Qxb4 Qf1+ 55.Kh2 Qf4+ 56.Kh1 f5 57.Qb8+ Kh7
58.exf5 Qf1+ 59.Kh2 Qf4+  1/2-1/2

[Event "AUT-ch"]
[Site "Voitsberg"]
[Date "1995.??.??"]
[Round "8"]
[White "Schlosser, Michael"]
[Black "Zoebisch, Herbert"]
[Result "1-0"]
[WhiteElo "2365"]
[BlackElo "2290"]

1.e4 e5 2.Nf3 Nc6 3.Bb5 a6 4.Ba4 Nf6 5.O-O Be7 6.Re1 b5 7.Bb3 d6 8.c3 O-O
9.h3 Bb7 10.d4 Re8 11.Nbd2 Bf8 12.a4 h6 13.Bc2 exd4 14.cxd4 Nb4 15.Bb1 c5
16.d5 Nd7 17.Ra3 c4 18.Nd4 Qf6 19.N2f3 Nd3 20.Bxd3 b4  1-0

[Event "Oberliga Wuert9596"]
[Site "Wuerttemberg"]
[Date "1995.??.??"]
[Round "?"]
[White "Einwiller, Dieter"]
[Black "Pieper, Thomas"]
[Result "0-1"]
[WhiteElo "2205"]
[BlackElo "2205"]

1.e4 e5 2.Nf3 Nc6 3.Bb5 a6 4.Ba4 Nf6 5.O-O Be7 6.Re1 b5 7.Bb3 d6 8.c3 O-O
9.h3 Bb7 10.d4 Re8 11.Ng5 Rf8 12.f4 exf4 13.Bxf4 h6 14.Nf3 Re8 15.Nbd2 Bf8
16.Bh2 Na5 17.Bc2 Nc4 18.Nxc4 bxc4 19.e5 Nd5 20.Qe2 dxe5 21.Qe4 g6 22.Nxe5 Nb4
23.Qe2 Nxc2 24.Qxc2 Qh4 25.Re2 c5 26.Rd1 Bd5 27.Rf2 Bg7 28.Rf4 Qg5 29.Nf3 Qe7
30.Re1 Qa7 31.Rxe8+ Rxe8 32.Qf2 cxd4 33.Nxd4 Qe7 34.Qd2 Be5 35.Rf1 Bxh2+
36.Kxh2 Qe5+ 37.Qf4 Kg7 38.Qxe5+ Rxe5 39.Rf2 Re1 40.Nc2 Rb1 41.Ne3 Be6 42.Kg3 f5
43.Rd2 Kf6 44.Nd1 g5 45.Kf2 f4 46.g4 h5 47.Kf3 hxg4+ 48.hxg4 Bc8 49.Nf2 Bb7+
50.Ke2 f3+ 51.Ke3 Re1+ 52.Kd4 Re2  0-1